[Event "Dutch Open 2009"]
[Site "Dieren NED"]
[Date "2009.07.28"]
[Round "7.2"]
[White "L'Ami, Erwin"]
[Black "Vovk, Yuri"]
[Result "1-0"]
[WhiteElo "2593"]
[BlackElo "2567"]
[PlyCount "111"]
[EventDate "2009.07.21"]
[EventType "swiss"]
[EventRounds "9"]
[EventCountry "NED"]
[Source "lmi"]
[SourceDate "2009.07.21"]

1. d4 Nf6 2. c4 e6 3. Nf3 d5 4. g3 dxc4 5. Bg2 Nc6 6. Qa4 Bb4+ 7. Bd2 Bd6 8.
Ne5 Bxe5 9. Bxc6+ bxc6 10. dxe5 Qd5 11. f3 Nd7 12. Bc3 O-O 13. Na3 Nb6 14. Qa5
Rd8 15. Kf2 Qxa5 16. Bxa5 Ba6 17. Nc2 Na4 18. Bc3 c5 19. Rhd1 Kf8 20. Ne3 Ke7
21. Rac1 Rab8 22. Rxd8 Kxd8 23. Nd1 Kd7 24. Rc2 Kc6 25. Rd2 Nb6 26. e4 Nd7 27.
Ke3 Re8 28. Nf2 Bc8 29. Nh3 f6 30. exf6 gxf6 31. Nf4 e5 32. Nd5 Kb7 33. Kf2 Re6
34. Ne3 Nb6 35. Rd8 Na4 36. Nd5 Nb6 37. g4 Nxd5 38. Rxd5 Rd6 39. Rxc5 Be6 40.
Rb5+ Kc8 41. h4 Bf7 42. Ra5 a6 43. f4 exf4 44. Kf3 Re6 45. h5 Be8 46. Kxf4 Bc6
47. Rxa6 Kd7 48. e5 fxe5+ 49. Bxe5 Re7 50. g5 Bd5 51. a4 Rf7+ 52. Rf6 Re7 53.
a5 Kc8 54. g6 hxg6 55. Rxg6 Kb7 56. Rg7 1-0

[Event "Dutch Open 2009"]
[Site "Dieren NED"]
[Date "2009.07.28"]
[Round "7.3"]
[White "Ernst, Sipke"]
[Black "Brandenburg, Daan"]
[Result "1/2-1/2"]
[WhiteElo "2598"]
[BlackElo "2463"]
[PlyCount "101"]
[EventDate "2009.07.21"]
[EventType "swiss"]
[EventRounds "9"]
[EventCountry "NED"]
[Source "lmi"]
[SourceDate "2009.07.21"]

1. d4 Nf6 2. c4 e6 3. Nf3 d5 4. Nc3 Be7 5. Bg5 O-O 6. e3 Nbd7 7. Bd3 dxc4 8.
Bxc4 a6 9. a4 c5 10. O-O cxd4 11. exd4 Nb6 12. Bb3 Bd7 13. Ne5 Bc6 14. Re1 Nbd5
15. Qe2 Qa5 16. Bd2 Qb6 17. Bxd5 Bxd5 18. Nxd5 exd5 19. a5 Qb3 20. Qd3 Qxd3 21.
Nxd3 Rfe8 22. f3 Rac8 23. Rac1 Kf8 24. Bb4 Bxb4 25. Rxe8+ Rxe8 26. Nxb4 Re3 27.
Rc8+ Re8 28. Rc3 Re7 29. Kf2 Ke8 30. g4 h6 31. h4 Rd7 32. Rc8+ Ke7 33. Nd3 Rd8
34. Rc7+ Rd7 35. Rc8 Rd8 36. Rc3 Ne8 37. Rc5 Kd6 38. Ke3 Nc7 39. Nb4 Re8+ 40.
Kd2 g5 41. h5 f5 42. gxf5 Rf8 43. f6 Rf7 44. Kd1 Rf8 45. Kc2 Rf7 46. Kb3 Rf8
47. Ka4 Rf7 48. Kb3 Rf8 49. Kc2 Rf7 50. Kd3 Rf8 51. Kd2 1/2-1/2

[Event "Dutch Open 2009"]
[Site "Dieren NED"]
[Date "2009.07.28"]
[Round "7.4"]
[White "Miedema, Roi"]
[Black "Reinderman, Dimitri"]
[Result "1-0"]
[WhiteElo "2432"]
[BlackElo "2565"]
[PlyCount "85"]
[EventDate "2009.07.21"]
[EventType "swiss"]
[EventRounds "9"]
[EventCountry "NED"]
[Source "lmi"]
[SourceDate "2009.07.21"]

1. d4 d6 2. Nf3 Nf6 3. c4 g6 4. Nc3 Bg7 5. e4 O-O 6. Be2 Nbd7 7. O-O e5 8. d5
Nc5 9. Qc2 a5 10. Bg5 h6 11. Be3 b6 12. Nd2 Bg4 13. Rae1 Bxe2 14. Rxe2 Ng4 15.
Bxc5 bxc5 16. Qa4 f5 17. exf5 gxf5 18. Qc2 e4 19. h3 Ne5 20. f3 exf3 21. Nxf3
Nxc4 22. Qd3 Nb6 23. Re6 Rb8 24. Ne2 Nd7 25. b3 f4 26. Qd2 Rb4 27. a3 Rxb3 28.
Nxf4 Ne5 29. Nxe5 dxe5 30. d6 c6 31. Qc2 Rb7 32. Ng6 Rxf1+ 33. Kxf1 Rf7+ 34.
Kg1 Qd7 35. Qc4 Kh7 36. Qe4 Kg8 37. Qg4 h5 38. Qc4 Kh7 39. Nxe5 Bxe5 40. Qe4+
Kg8 41. Qxe5 c4 42. Rg6+ Kf8 43. Qh8# 1-0

[Event "Dutch Open 2009"]
[Site "Dieren NED"]
[Date "2009.07.28"]
[Round "7.5"]
[White "Nijboer, Friso"]
[Black "Ootes, Lars"]
[Result "0-1"]
[WhiteElo "2552"]
[BlackElo "2261"]
[PlyCount "82"]
[EventDate "2009.07.21"]
[EventType "swiss"]
[EventRounds "9"]
[EventCountry "NED"]
[Source "lmi"]
[SourceDate "2009.07.21"]

1. e4 d6 2. d4 Nf6 3. Nc3 g6 4. Be3 Bg7 5. Qd2 O-O 6. f3 c6 7. O-O-O b5 8. Kb1
Be6 9. Nce2 Nbd7 10. Bh6 Nb6 11. Bxg7 Kxg7 12. b3 a5 13. h4 a4 14. h5 axb3 15.
cxb3 Qc7 16. Nc1 c5 17. d5 Bd7 18. hxg6 fxg6 19. g4 c4 20. Rh2 cxb3 21. axb3
Kg8 22. Qd4 Rfb8 23. Ra2 Rc8 24. Bd3 Qc5 25. Nge2 Rxa2 26. Nxa2 Qa3 27. Qb2 Qa5
28. Qd2 Qa7 29. Qb4 Nc4 30. bxc4 bxc4 31. Qc3 cxd3 32. Qxd3 Bb5 33. Qd2 Nd7 34.
Nec1 Nc5 35. Qd4 Qa3 36. Rd2 Qxf3 37. e5 Nb3 38. Nxb3 Qxb3+ 39. Qb2 Bd3+ 40.
Ka1 Qxd5 41. Rd1 dxe5 0-1

[Event "Dutch Open 2009"]
[Site "Dieren NED"]
[Date "2009.07.28"]
[Round "7.6"]
[White "Visser, Yge"]
[Black "Swinkels, Robin"]
[Result "1-0"]
[WhiteElo "2464"]
[BlackElo "2516"]
[PlyCount "71"]
[EventDate "2009.07.21"]
[EventType "swiss"]
[EventRounds "9"]
[EventCountry "NED"]
[Source "lmi"]
[SourceDate "2009.07.21"]

1. e4 c5 2. Nf3 e6 3. d3 Nc6 4. g3 g6 5. Bg2 Bg7 6. O-O Nge7 7. c3 e5 8. Na3
O-O 9. h4 h6 10. h5 g5 11. Nh2 d6 12. f4 gxf4 13. gxf4 f5 14. Be3 Be6 15. Qd2
Kh7 16. fxe5 Nxe5 17. d4 cxd4 18. cxd4 Ng4 19. Nxg4 fxg4 20. Rxf8 Qxf8 21. d5
Bd7 22. Nc4 Qe8 23. Bd4 Qxh5 24. Bxg7 Kxg7 25. Rf1 g3 26. Qc3+ Kh7 27. Qxg3 Rg8
28. Qf3 Qh4 29. Rf2 Bh3 30. Nxd6 Rg3 31. Qf7+ Rg7 32. Qf3 Rg3 33. Qf8 Rg7 34.
Ne8 Rxg2+ 35. Rxg2 Bxg2 36. Qg7# 1-0

[Event "Dutch Open 2009"]
[Site "Dieren NED"]
[Date "2009.07.28"]
[Round "7.7"]
[White "Ikonnikov, Vyacheslav"]
[Black "Shyam, Sundar M"]
[Result "1-0"]
[WhiteElo "2556"]
[BlackElo "2415"]
[PlyCount "87"]
[EventDate "2009.07.21"]
[EventType "swiss"]
[EventRounds "9"]
[EventCountry "NED"]
[Source "lmi"]
[SourceDate "2009.07.21"]

1. d4 Nf6 2. Nf3 g6 3. c4 Bg7 4. Nc3 O-O 5. e4 d6 6. Be2 e5 7. d5 a5 8. Bg5 h6
9. Bh4 Na6 10. Nd2 Qe8 11. a3 Bd7 12. b3 h5 13. f3 Nh7 14. Rb1 Bh6 15. b4 axb4
16. axb4 Be3 17. Bf2 Bxf2+ 18. Kxf2 Qb8 19. Re1 Qa7+ 20. Kf1 Ng5 21. c5 dxc5
22. b5 Nb4 23. h4 Nh7 24. Nc4 Rfe8 25. Qd2 Kg7 26. Kg1 Qb8 27. f4 exf4 28. Rf1
Qd8 29. Rxf4 f6 30. Rbf1 Qe7 31. e5 Bf5 32. Rxf5 gxf5 33. e6 Red8 34. Ne3 Qxe6
35. Nxf5+ Kh8 36. dxe6 Rxd2 37. Bxh5 Rg8 38. Rf2 Rd3 39. e7 Rxc3 40. Re2 Rc1+
41. Kh2 Nd5 42. e8=Q Rxe8 43. Rxe8+ Nf8 44. Rxf8+ 1-0

[Event "Dutch Open 2009"]
[Site "Dieren NED"]
[Date "2009.07.28"]
[Round "7.9"]
[White "Van Eijk, Sander"]
[Black "Lalith, Babu M.R"]
[Result "0-1"]
[WhiteElo "2338"]
[BlackElo "2472"]
[PlyCount "40"]
[EventDate "2009.07.21"]
[EventType "swiss"]
[EventRounds "9"]
[EventCountry "NED"]
[Source "lmi"]
[SourceDate "2009.07.21"]

1. e4 c6 2. d4 d5 3. e5 Bf5 4. h4 h5 5. c4 e6 6. Nc3 Ne7 7. Nf3 dxc4 8. Bxc4
Bg4 9. Bg5 Qb6 10. O-O Nf5 11. d5 cxd5 12. Nxd5 exd5 13. Qxd5 Qc7 14. Rad1 Nc6
15. e6 Be7 16. Bxe7 Nfxe7 17. Qg5 fxe6 18. Qxg7 Rg8 19. Qf6 Rf8 20. Qh6 Qf4 0-1

[Event "Dutch Open 2009"]
[Site "Dieren NED"]
[Date "2009.07.28"]
[Round "7.10"]
[White "Bosch, Jeroen"]
[Black "Bezemer, Arno"]
[Result "0-1"]
[WhiteElo "2456"]
[BlackElo "2332"]
[PlyCount "79"]
[EventDate "2009.07.21"]
[EventType "swiss"]
[EventRounds "9"]
[EventCountry "NED"]
[Source "lmi"]
[SourceDate "2009.07.21"]

1. d4 Nf6 2. Nc3 d5 3. Bg5 Nbd7 4. Qd3 h6 5. Bh4 e6 6. e4 dxe4 7. Nxe4 Be7 8.
Nxf6+ Bxf6 9. Bxf6 Qxf6 10. Nf3 O-O 11. Qe3 c5 12. O-O-O b6 13. Bb5 cxd4 14.
Rxd4 Nc5 15. Ne5 a5 16. Bc6 Ra7 17. g4 Bb7 18. Bxb7 Rxb7 19. h4 Rc8 20. Kb1 Qe7
21. g5 h5 22. Rhd1 Rbc7 23. Nc4 b5 24. Nxa5 Ra7 25. Nb3 Na4 26. Rd6 Rac7 27. c3
e5 28. R6d5 Qe6 29. Qe4 g6 30. Rxe5 Qh3 31. Re8+ Kh7 32. Rxc8 Qxc8 33. Rc1 Rc4
34. Qd5 Rf4 35. Qxb5 Rxh4 36. Nd4 Nc5 37. Qc4 Qf5+ 38. Ka1 Qf4 39. Rb1 Ne6 40.
Qd3 0-1

[Event "Dutch Open 2009"]
[Site "Dieren NED"]
[Date "2009.07.28"]
[Round "7.11"]
[White "Hoeksema, Hendrik Pieter"]
[Black "Hendriks, Willy"]
[Result "1/2-1/2"]
[WhiteElo "2309"]
[BlackElo "2444"]
[PlyCount "76"]
[EventDate "2009.07.21"]
[EventType "swiss"]
[EventRounds "9"]
[EventCountry "NED"]
[Source "lmi"]
[SourceDate "2009.07.21"]

1. d4 Nf6 2. Nf3 d6 3. g3 g6 4. Bg2 Bg7 5. c4 O-O 6. Nc3 Nbd7 7. O-O e5 8. e4
c6 9. b3 a6 10. h3 b5 11. dxe5 Nxe5 12. Be3 Nxf3+ 13. Qxf3 Nd7 14. Rac1 bxc4
15. bxc4 Ne5 16. Qe2 Be6 17. Nb1 Rb8 18. Nd2 c5 19. f4 Nc6 20. Nb3 Nd4 21. Nxd4
cxd4 22. Bf2 Qa5 23. Rfd1 Qa3 24. Rc2 Rfc8 25. Kh2 Rb4 26. Bxd4 Rbxc4 27. Rxc4
Bxc4 28. Qf2 Qxa2 29. Rd2 Qa3 30. Bxg7 Kxg7 31. Qd4+ Kg8 32. Qf6 Bb5 33. Rxd6
Qa2 34. Rd8+ Rxd8 35. Qxd8+ Kg7 36. Qd4+ Kg8 37. Qd8+ Kg7 38. Qd4+ Kg8 1/2-1/2

[Event "Dutch Open 2009"]
[Site "Dieren NED"]
[Date "2009.07.28"]
[Round "7.12"]
[White "Bitalzadeh, Ali"]
[Black "Kuipers, Stefan"]
[Result "1-0"]
[WhiteElo "2434"]
[BlackElo "2324"]
[PlyCount "63"]
[EventDate "2009.07.21"]
[EventType "swiss"]
[EventRounds "9"]
[EventCountry "NED"]
[Source "lmi"]
[SourceDate "2009.07.21"]

1. d4 d5 2. c4 c6 3. Nf3 Nf6 4. e3 Bf5 5. Nc3 e6 6. Nh4 Bg6 7. Be2 Nbd7 8. O-O
Bd6 9. g3 O-O 10. Nxg6 hxg6 11. Qb3 Qc7 12. Rd1 dxc4 13. Qxc4 e5 14. dxe5 Bxe5
15. Bd2 Nb6 16. Qb3 Qe7 17. a4 Rfd8 18. a5 Nbd5 19. Nxd5 cxd5 20. Bf3 Ne4 21.
Be1 Qf6 22. Bxe4 dxe4 23. Qxb7 Bxb2 24. Rab1 Bc3 25. Bxc3 Qxc3 26. Rd7 Qc2 27.
Rxf7 Qxb1+ 28. Qxb1 Kxf7 29. Qxe4 Rd1+ 30. Kg2 Rad8 31. Qc4+ Ke8 32. Qg8+ 1-0

[Event "Dutch Open 2009"]
[Site "Dieren NED"]
[Date "2009.07.28"]
[Round "7.13"]
[White "Vovk, Andrey"]
[Black "Kodentsov, Grigori"]
[Result "1-0"]
[WhiteElo "2506"]
[BlackElo "2279"]
[PlyCount "83"]
[EventDate "2009.07.21"]
[EventType "swiss"]
[EventRounds "9"]
[EventCountry "NED"]
[Source "lmi"]
[SourceDate "2009.07.21"]

1. e4 c5 2. Nf3 d6 3. d4 cxd4 4. Nxd4 Nf6 5. Nc3 a6 6. Be3 e5 7. Nb3 Be6 8. Qd2
Nbd7 9. f4 b5 10. f5 Bc4 11. Bd3 Rc8 12. O-O-O Be7 13. Kb1 b4 14. Nd5 Nxd5 15.
exd5 a5 16. Bxc4 Rxc4 17. Qd3 Rc8 18. Qb5 Ra8 19. Nd2 O-O 20. g4 Qc7 21. g5
Rfc8 22. Qd3 Bf8 23. Rhg1 a4 24. Rg3 e4 25. Qxe4 b3 26. cxb3 axb3 27. Nxb3 Ra4
28. Bd4 Nc5 29. Qc2 Qd7 30. Nxc5 dxc5 31. Be5 Rca8 32. a3 c4 33. d6 R4a5 34.
Re3 Re8 35. Rde1 Qc6 36. Bc3 Rxe3 37. Rxe3 Rd5 38. Qe4 Rd1+ 39. Ka2 Qa4 40. Bb4
Rc1 41. Qe8 Qd1 42. Qxf8+ 1-0

[Event "Dutch Open 2009"]
[Site "Dieren NED"]
[Date "2009.07.28"]
[Round "7.14"]
[White "Karthikeyan, P."]
[Black "Diepeveen, Vincent"]
[Result "1-0"]
[WhiteElo "2478"]
[BlackElo "2273"]
[PlyCount "75"]
[EventDate "2009.07.21"]
[EventType "swiss"]
[EventRounds "9"]
[EventCountry "NED"]
[Source "lmi"]
[SourceDate "2009.07.21"]

1. d4 d5 2. c4 c6 3. Nf3 Nf6 4. Nc3 dxc4 5. a4 Bf5 6. e3 e6 7. Bxc4 Bb4 8. O-O
O-O 9. Qe2 Nbd7 10. e4 Bg6 11. Bd3 Bh5 12. e5 Nd5 13. Nxd5 cxd5 14. Qe3 Re8 15.
Ne1 Rc8 16. Bxh7+ Kxh7 17. Qh3 g6 18. g4 Rh8 19. gxh5 Kg8 20. h6 Nb8 21. Nf3
Nc6 22. Kh1 Bf8 23. Rg1 Ne7 24. Nh4 Qe8 25. Bg5 Bxh6 26. Nxg6 Nxg6 27. Bxh6 Rc4
28. Ra3 Rxd4 29. Rag3 Rh7 30. Qh5 Kh8 31. Rh3 Kg8 32. Qf3 Qe7 33. Bg5 Rxh3 34.
Qxh3 Qb4 35. Bf6 Kf8 36. b3 Qc5 37. Qh6+ Ke8 38. Rc1 1-0

[Event "Dutch Open 2009"]
[Site "Dieren NED"]
[Date "2009.07.28"]
[Round "7.18"]
[White "Haast, Anne"]
[Black "Tondivar, Babak"]
[Result "1-0"]
[WhiteElo "2158"]
[BlackElo "2372"]
[PlyCount "47"]
[EventDate "2009.07.21"]
[EventType "swiss"]
[EventRounds "9"]
[EventCountry "NED"]
[Source "lmi"]
[SourceDate "2009.07.21"]

1. e4 e5 2. Nf3 Nc6 3. Bb5 Nf6 4. O-O Nxe4 5. d4 Nd6 6. Bxc6 dxc6 7. dxe5 Nf5
8. Qxd8+ Kxd8 9. Nc3 Ne7 10. h3 Ng6 11. Bg5+ Ke8 12. Rad1 Bd7 13. Nd4 h6 14.
Be3 Rd8 15. f4 Bc5 16. f5 Nxe5 17. f6 gxf6 18. Ne4 Bd6 19. Nxf6+ Kf8 20. Nxd7+
Rxd7 21. Nf5 Rg8 22. Bxh6+ Ke8 23. Bg7 Ng6 24. h4 1-0

[Event "Dutch Open 2009"]
[Site "Dieren NED"]
[Date "2009.07.28"]
[Round "7.19"]
[White "Van Assendelft, Floris"]
[Black "Beukema, Stefan"]
[Result "1-0"]
[WhiteElo "2332"]
[BlackElo "2007"]
[PlyCount "51"]
[EventDate "2009.07.21"]
[EventType "swiss"]
[EventRounds "9"]
[EventCountry "NED"]
[Source "lmi"]
[SourceDate "2009.07.21"]

1. Nf3 f5 2. g3 Nf6 3. Bg2 g6 4. O-O Bg7 5. c4 d6 6. Nc3 e5 7. d3 O-O 8. Bg5 h6
9. Bxf6 Qxf6 10. Nd2 c6 11. b4 Be6 12. b5 e4 13. Rc1 d5 14. bxc6 bxc6 15. cxd5
cxd5 16. dxe4 dxe4 17. Ncxe4 fxe4 18. Nxe4 Qe5 19. Nc5 Bg4 20. Bxa8 Na6 21.
Qd5+ Kh7 22. Nxa6 Qxe2 23. Nc7 Rxa8 24. Rfe1 Rd8 25. Qxd8 Qf3 26. Qd5 1-0

[Event "Dutch Open 2009"]
[Site "Dieren NED"]
[Date "2009.07.28"]
[Round "7.20"]
[White "Motoc, Alina"]
[Black "Van Helvoort, Rob"]
[Result "1/2-1/2"]
[WhiteElo "2315"]
[BlackElo "2213"]
[PlyCount "99"]
[EventDate "2009.07.21"]
[EventType "swiss"]
[EventRounds "9"]
[EventCountry "NED"]
[Source "lmi"]
[SourceDate "2009.07.21"]

1. d4 Nf6 2. c4 g6 3. Nc3 d5 4. Bg5 Ne4 5. Bh4 Nxc3 6. bxc3 dxc4 7. e3 Be6 8.
Rb1 b6 9. Nf3 Bg7 10. Ng5 Bd5 11. e4 h6 12. exd5 hxg5 13. Qa4+ Kf8 14. Bxg5
Qxd5 15. Be3 c5 16. Qxc4 Qxc4 17. Bxc4 Nc6 18. Bd5 Rc8 19. Rc1 e6 20. Bf3 Bh6
21. Ke2 Bxe3 22. fxe3 Na5 23. h4 f5 24. g3 Ke7 25. e4 Rhd8 26. exf5 exf5 27. g4
cxd4 28. cxd4 fxg4 29. Be4 Rxc1 30. Rxc1 Rxd4 31. Bxg6 Kf6 32. h5 Nc4 33. Rf1+
Kg5 34. Rf5+ Kh6 35. Kf2 Rd2+ 36. Kg3 Rd6 37. Kh4 Rd7 38. Rf8 Kg7 39. Re8 Kf6
40. Rf8+ Kg7 41. Rf5 Re7 42. Kg5 Re5 43. h6+ Kh8 44. Kf4 Rxf5+ 45. Bxf5 Nb2 46.
Bc2 b5 47. Kxg4 Na4 48. Kf5 Nc3 49. a3 a5 50. Ke5 1/2-1/2

[Event "Dutch Open 2009"]
[Site "Dieren NED"]
[Date "2009.07.28"]
[Round "7.22"]
[White "Spaan, Nathanael"]
[Black "Otte, Marijn"]
[Result "1/2-1/2"]
[WhiteElo "2194"]
[BlackElo "2298"]
[PlyCount "90"]
[EventDate "2009.07.21"]
[EventType "swiss"]
[EventRounds "9"]
[EventCountry "NED"]
[Source "lmi"]
[SourceDate "2009.07.21"]

1. e4 c5 2. Nf3 d6 3. d4 cxd4 4. Nxd4 Nf6 5. Nc3 a6 6. Be2 e6 7. O-O Be7 8. Be3
Qc7 9. f4 Nc6 10. Qe1 Nxd4 11. Bxd4 O-O 12. Qg3 b5 13. Bd3 e5 14. fxe5 dxe5 15.
Kh1 Ng4 16. Nd5 Qd6 17. Bc3 Bg5 18. Be2 h5 19. Bb4 Qh6 20. Bxf8 Kxf8 21. Bxg4
Bxg4 22. h3 Bd7 23. Nb6 Qxb6 24. Qxg5 Qe6 25. Qxh5 Kg8 26. Rad1 Bc6 27. Qf5 Qe7
28. Rd2 Re8 29. c3 Qb7 30. Re1 Qc7 31. Red1 Re6 32. Rd8+ Be8 33. R1d7 Qxd7 34.
Rxd7 Bxd7 35. Qg5 Bc6 36. Qd8+ Kh7 37. Qc7 Kg6 38. Kh2 Bxe4 39. Qc5 Bc6 40. g4
f5 41. gxf5+ Kxf5 42. Qf8+ Kg6 43. Qc8 Kf6 44. Qf8+ Kg6 45. Qc8 Kf6 1/2-1/2

[Event "Dutch Open 2009"]
[Site "Dieren NED"]
[Date "2009.07.28"]
[Round "7.23"]
[White "Van der Poel, Henk"]
[Black "Van Leent, Dimitri"]
[Result "1-0"]
[WhiteElo "2282"]
[BlackElo "2192"]
[PlyCount "61"]
[EventDate "2009.07.21"]
[EventType "swiss"]
[EventRounds "9"]
[EventCountry "NED"]
[Source "lmi"]
[SourceDate "2009.07.21"]

1. e4 e6 2. d4 d5 3. Nc3 Bb4 4. e5 c5 5. Bd2 Ne7 6. Nb5 Bxd2+ 7. Qxd2 O-O 8. f4
a6 9. Nd6 cxd4 10. Nf3 Nbc6 11. Bd3 Nf5 12. Bxf5 exf5 13. Nxd4 g6 14. O-O-O Qb6
15. h3 Be6 16. Nxe6 fxe6 17. g4 Ne7 18. g5 Nc8 19. h4 Nxd6 20. exd6 Rac8 21. h5
gxh5 22. Rxh5 Rf7 23. Rdh1 Rg7 24. Qh2 Qxd6 25. Rxh7 Qc7 26. Rh8+ Kf7 27. g6+
Ke7 28. Qh4+ Kd7 29. Rxc8 Qxc8 30. Qf6 Qg8 31. Qxg7+ 1-0

[Event "Dutch Open 2009"]
[Site "Dieren NED"]
[Date "2009.07.28"]
[Round "7.24"]
[White "Mostertman, Milan"]
[Black "Wempe, Joost"]
[Result "0-1"]
[WhiteElo "2119"]
[BlackElo "2282"]
[PlyCount "88"]
[EventDate "2009.07.21"]
[EventType "swiss"]
[EventRounds "9"]
[EventCountry "NED"]
[Source "lmi"]
[SourceDate "2009.07.21"]

1. e4 e6 2. d4 d5 3. Nd2 Nf6 4. e5 Nfd7 5. c3 c5 6. Bd3 Nc6 7. Ngf3 a5 8. Nb1
Qb6 9. O-O cxd4 10. cxd4 Nxd4 11. Nxd4 Qxd4 12. Nc3 Qb6 13. Bf4 Nc5 14. Bb5+
Bd7 15. a4 g6 16. Rc1 Qd8 17. Re1 b6 18. h4 Be7 19. g3 O-O 20. Bh6 Re8 21. Ne2
f6 22. Nd4 fxe5 23. Nc6 Bxc6 24. Bxc6 Qd6 25. Bxa8 Rxa8 26. h5 e4 27. hxg6 hxg6
28. Qg4 Kf7 29. f3 Rh8 30. Be3 d4 31. Red1 Nd3 32. fxe4 Nxc1 33. Qf3+ Bf6 34.
Bxc1 Kg7 35. Rf1 Rf8 36. Bf4 e5 37. Bd2 Be7 38. Qd3 Rxf1+ 39. Kxf1 Qc6 40. Qb5
Qxe4 41. Qxb6 Qd3+ 42. Ke1 Qxg3+ 43. Ke2 d3+ 44. Kf1 Qh3+ 0-1

[Event "Dutch Open 2009"]
[Site "Dieren NED"]
[Date "2009.07.29"]
[Round "8.1"]
[White "Visser, Yge"]
[Black "L'Ami, Erwin"]
[Result "0-1"]
[WhiteElo "2464"]
[BlackElo "2593"]
[PlyCount "80"]
[EventDate "2009.07.21"]
[EventType "swiss"]
[EventRounds "9"]
[EventCountry "NED"]
[Source "lmi"]
[SourceDate "2009.07.21"]

1. e4 c6 2. d4 d5 3. Nd2 dxe4 4. Nxe4 Bf5 5. Ng3 Bg6 6. Nf3 Nd7 7. Be2 e6 8.
O-O Ngf6 9. b3 Be7 10. c4 O-O 11. Bb2 a5 12. Nh4 Ne8 13. Nxg6 hxg6 14. Qc2 Nd6
15. Rad1 Qc7 16. Rfe1 Rfe8 17. Bf3 Bf6 18. Re2 Rac8 19. a4 Rcd8 20. c5 Nf5 21.
Ne4 Be7 22. g3 Nf6 23. Qc4 Rd7 24. Ng5 Nd5 25. Bc1 Qd8 26. h4 Nc7 27. Red2 Qb8
28. Kg2 Red8 29. Be4 Nd5 30. Rd3 b6 31. cxb6 Qxb6 32. Nf3 Nd6 33. Bxd5 Nxc4 34.
Bxc4 Qb7 35. Be3 Bf6 36. g4 e5 37. dxe5 Rxd3 38. Rxd3 Rxd3 39. Bxd3 Qxb3 40.
Be4 Qxa4 0-1

[Event "Dutch Open 2009"]
[Site "Dieren NED"]
[Date "2009.07.29"]
[Round "8.2"]
[White "Giri, Anish"]
[Black "Miedema, Roi"]
[Result "0-1"]
[WhiteElo "2518"]
[BlackElo "2432"]
[PlyCount "78"]
[EventDate "2009.07.21"]
[EventType "swiss"]
[EventRounds "9"]
[EventCountry "NED"]
[Source "lmi"]
[SourceDate "2009.07.21"]

1. d4 e6 2. Nf3 Nf6 3. c4 d5 4. g3 dxc4 5. Bg2 Nc6 6. O-O Rb8 7. Bg5 Be7 8. e3
b5 9. b3 cxb3 10. axb3 a6 11. Nbd2 O-O 12. Qb1 Rb6 13. Rc1 Nd7 14. Bf4 h6 15.
e4 Bd6 16. Be3 Nb4 17. d5 Rb8 18. dxe6 fxe6 19. Bd4 c5 20. Bc3 Nc6 21. e5 Ncxe5
22. Re1 Qc7 23. Ba5 Qa7 24. Bc3 c4 25. Nxe5 Nxe5 26. Rxe5 Rxf2 27. Kh1 Rxd2 28.
Qe1 Rd3 29. bxc4 Qc7 30. Re4 Bb7 31. Rxe6 Bxg2+ 32. Kxg2 Qxc4 33. Rxa6 Qd5+ 34.
Kh3 Qh5+ 35. Kg2 Qf3+ 36. Kh3 Rd5 37. Rxh6 Qf5+ 38. g4 Rd3+ 39. Kh4 g5+ 0-1

[Event "Dutch Open 2009"]
[Site "Dieren NED"]
[Date "2009.07.29"]
[Round "8.6"]
[White "Lalith, Babu M.R"]
[Black "Bitalzadeh, Ali"]
[Result "1-0"]
[WhiteElo "2472"]
[BlackElo "2434"]
[PlyCount "103"]
[EventDate "2009.07.21"]
[EventType "swiss"]
[EventRounds "9"]
[EventCountry "NED"]
[Source "lmi"]
[SourceDate "2009.07.21"]

1. Nf3 Nf6 2. c4 g6 3. Nc3 Bg7 4. e4 d6 5. d4 O-O 6. Be2 e5 7. O-O Nc6 8. d5
Ne7 9. b4 Nh5 10. Re1 f5 11. Ng5 Nf6 12. Bf3 c6 13. Be3 h6 14. Ne6 Bxe6 15.
dxe6 f4 16. Bc1 Nc8 17. b5 Qe8 18. bxc6 bxc6 19. c5 Qxe6 20. Ba3 Re8 21. cxd6
Bf8 22. Na4 Nxd6 23. Nc5 Qf7 24. Qc1 Kh7 25. Bd1 Nb7 26. Bb3 Qe7 27. Nxb7 Qxb7
28. Bxf8 Rxf8 29. Qc5 Rae8 30. Rac1 Qg7 31. Qxc6 g5 32. Qd6 Re7 33. Be6 Ne8 34.
Qc6 Kh8 35. Bf5 g4 36. Red1 g3 37. fxg3 fxg3 38. hxg3 Qg5 39. Qc5 Rg8 40. Rc3
Qf6 41. Qe3 Reg7 42. g4 Nd6 43. Rd2 Nb5 44. Rc5 Nd4 45. Rxe5 Nxf5 46. Rxf5 Qc6
47. Rh5 Kh7 48. Rc2 Qd6 49. e5 Qe6 50. Qe4+ Rg6 51. g5 Kh8 52. Qh4 1-0

[Event "Dutch Open 2009"]
[Site "Dieren NED"]
[Date "2009.07.29"]
[Round "8.7"]
[White "Vovk, Yuri"]
[Black "Burg, Twan"]
[Result "1/2-1/2"]
[WhiteElo "2567"]
[BlackElo "2422"]
[PlyCount "125"]
[EventDate "2009.07.21"]
[EventType "swiss"]
[EventRounds "9"]
[EventCountry "NED"]
[Source "lmi"]
[SourceDate "2009.07.21"]

1. d4 d5 2. c4 c6 3. Nc3 Nf6 4. Nf3 dxc4 5. a4 Bf5 6. Ne5 Nbd7 7. Nxc4 Qc7 8.
g3 e5 9. dxe5 Nxe5 10. Bf4 Nfd7 11. Bg2 g5 12. Nxe5 gxf4 13. Nxd7 O-O-O 14. Qd4
Qxd7 15. Qxf4 Bd6 16. Qd4 Bc7 17. Qxd7+ Rxd7 18. Be4 Bxe4 19. Nxe4 Rd4 20. Ng5
h6 21. Nf3 Rb4 22. Ra2 Re8 23. Kd2 Ba5 24. Kd3 Rd8+ 25. Kc2 Re4 26. e3 Rd5 27.
b3 c5 28. Kb1 Rd3 29. Rb2 Bb4 30. Ka2 a6 31. Rc1 b5 32. axb5 axb5 33. Nd4 Kb7
34. Nxb5 Re8 35. Rbc2 Ra8+ 36. Kb2 Ra5 37. Nc3 Ba3+ 38. Kb1 Bxc1 39. Kxc1 f5
40. Kb2 Kc6 41. Re2 Ra8 42. Kc2 Rad8 43. e4 fxe4 44. Nxe4 Kb5 45. Nc3+ Kb4 46.
Na2+ Ka3 47. Nc3 Rf3 48. Nb1+ Kb4 49. Nd2 Rc3+ 50. Kb2 Rcd3 51. Kc2 c4 52. bxc4
Ra3 53. Kb2 Rda8 54. Re5 Ra2+ 55. Kc1 Rb8 56. Kd1 Rd8 57. Rb5+ Kc3 58. Rb3+ Kd4
59. Ke2 Re8+ 60. Kd1 Ra1+ 61. Kc2 Ra2+ 62. Kd1 Ra1+ 63. Kc2 1/2-1/2

[Event "Dutch Open 2009"]
[Site "Dieren NED"]
[Date "2009.07.29"]
[Round "8.8"]
[White "Reinderman, Dimitri"]
[Black "Pruijssers, Roeland"]
[Result "1-0"]
[WhiteElo "2565"]
[BlackElo "2401"]
[PlyCount "75"]
[EventDate "2009.07.21"]
[EventType "swiss"]
[EventRounds "9"]
[EventCountry "NED"]
[Source "lmi"]
[SourceDate "2009.07.21"]

1. d4 Nf6 2. c4 g6 3. Nc3 Bg7 4. e4 d6 5. Nf3 O-O 6. Be2 e5 7. O-O Nc6 8. d5
Ne7 9. Ne1 Nd7 10. f3 f5 11. g4 fxg4 12. fxg4 Rxf1+ 13. Bxf1 Nf6 14. Be2 Qd7
15. g5 Nh5 16. Ng2 a6 17. Bxh5 gxh5 18. Qxh5 b5 19. Qe2 Qg4 20. Qxg4 Bxg4 21.
cxb5 axb5 22. Nxb5 c6 23. Ne3 Bf3 24. Nxd6 cxd5 25. Kf2 Rf8 26. Kg3 Bh1 27.
Nef5 Nxf5+ 28. exf5 Rd8 29. Bd2 Rxd6 30. Rxh1 Ra6 31. a3 e4 32. f6 Bf8 33. Kf4
Re6 34. Kf5 Kf7 35. h4 Bd6 36. Bc3 e3 37. h5 Re4 38. g6+ 1-0

[Event "Dutch Open 2009"]
[Site "Dieren NED"]
[Date "2009.07.29"]
[Round "8.9"]
[White "Nijboer, Friso"]
[Black "Van Delft, Merijn"]
[Result "1/2-1/2"]
[WhiteElo "2552"]
[BlackElo "2360"]
[PlyCount "97"]
[EventDate "2009.07.21"]
[EventType "swiss"]
[EventRounds "9"]
[EventCountry "NED"]
[Source "lmi"]
[SourceDate "2009.07.21"]

1. e4 c6 2. d4 d5 3. e5 Bf5 4. Nf3 e6 5. Be2 c5 6. Be3 cxd4 7. Nxd4 Ne7 8. c4
Nbc6 9. Qa4 a6 10. Na3 Qa5+ 11. Qxa5 Nxa5 12. O-O Be4 13. Rac1 Nxc4 14. Nxc4
dxc4 15. Bxc4 Bd5 16. Be2 Rc8 17. Rxc8+ Nxc8 18. a3 Ne7 19. f4 Kd7 20. b4 Nc6
21. Nxc6 Bxc6 22. f5 exf5 23. Bc4 Be7 24. Bxf7 Be4 25. Rd1+ Kc7 26. e6 Rd8 27.
Rxd8 Kxd8 28. Bb6+ Kc8 29. Kf2 f4 30. Be8 g5 31. Bd7+ Kb8 32. g3 fxg3+ 33. hxg3
h5 34. Ke3 Bg2 35. Kf2 Bd5 36. Kg1 Be4 37. Kh2 Bd5 38. Kg1 Bc4 39. Kg2 Bd5+ 40.
Kh2 Bc4 41. Kg2 Bd5+ 42. Kh2 Bc4 43. a4 Bd5 44. b5 Bb3 45. Kg1 Bc2 46. Kf2 Bb3
47. Ke3 h4 48. gxh4 gxh4 49. Kf2 1/2-1/2